Statistiken für Europäische Städte A-Z Bilderquiz

Klicken Sie hier um das Quiz zu spielen!

Allgemein

  • Dieses Quiz wurde 213 mal gespielt
  • Das Durchschnittsergebnis liegt bei 17 aus 26

Antwortstatistiken

Antwort% Korrekt
Athen
100%
Dublin
95%
Hamburg
95%
London
94%
Budapest
93%
Moskau
93%
Wien
92%
Istanbul
91%
Florenz
87%
Zürich
87%
Riga
85%
Porto
83%
Vilnius
78%
Tirana
76%
Krakau
75%
Xanten
75%
Gent
66%
Odessa
60%
Cambridge
51%
Straßburg
44%
Ypern
32%
Nischni Nowgorod
27%
Ufa
24%
Espoo
18%
Jaroslawl
9%
Queluz
4%

Verteilung der Resultate

Perzentil nach korrekt beantworteten Fragen

Anzahl Personen mit jedem Resultat

Ihre Resultats-Entwicklung

Sie haben dieses Quiz noch nicht gespielt